Guess the Singer by Picture - Statistics

General Stats
  • This quiz has been taken 14,567 times
  • The average score is 10 of 16
Answer Stats
Picture Answer % Correct
Selena Gomez
95%
Ariana Grande
93%
Billie Eilish
90%
Harry Styles
89%
Dua Lipa
85%
Sam Smith
70%
Jason Derulo
68%
Shakira
67%
Charlie Puth
62%
Lady Gaga
62%
Janet Jackson
50%
The Weeknd
50%
David Bowie
33%
Aretha Franklin
31%
Keith Urban
20%
Tina Turner
11%
No matching quizzes found
Score Distribution
Percent of People with Each Score
Percentile by Number Answered
Your Score History
You have not taken this quiz